000
00258nam a22001217a 4500
008
180919b xxu||||| |||| 00| 0 eng d
041
_a
eng
080
_a
721
100
_a
41
101
_a
NDE
245
_a
Foundatition Design
_c
Teng.W.C
942
_2
udc
_c
BK
999
_c
47988
_d
47988